| 000 | 00484nmm a22001697a 4500 | ||
|---|---|---|---|
| 005 | 20220616083651.0 | ||
| 008 | 150728b xxu||||| |||| 00| 0 spa d | ||
| 041 | _aspa | ||
| 082 | _aMD 109 | ||
| 100 |
_aRamírez Valerín, Wendy _911231 |
||
| 245 | _aInforme de Práctica Supervisada realizado en el Laboratorio Dental Alemán y Quirós S.A. | ||
| 260 | _c2013 | ||
| 650 |
_aCOSTA RICA _963771 |
||
| 650 |
_aMECÁNICA DENTAL _963772 |
||
| 650 |
_aCROMO COBALTO _963773 |
||
| 942 | _cIP | ||
| 999 |
_c6791 _d6791 |
||